Random River to Country - Statistics

General Stats
  • This quiz has been taken 110 times
  • The average score is 10 of 20
Answer Stats
River Country % Correct
Madeira Bolivia / Brazil
100%
Içá Brazil / Peru / Colombia / Ecuador
100%
Mackenzie Canada
100%
Yellow River China
100%
Yangtze China
100%
Mekong China / Myanmar / Laos / Thailand / Cambodia / Vietnam
100%
Seine France
100%
Ganges India / Bangladesh
100%
Euphrates Iraq / Turkey / Syria
100%
Po Italy
100%
Indus Pakistan / India / China
100%
Paraguay Paraguay / Brazil / Argentina / Bolivia
100%
Oder Poland / Czechia / Germany
100%
Volga Russia
100%
Ural Russia / Kazakhstan
100%
Rhône Switzerland / France
100%
Tigris Turkey / Iraq / Syria
100%
Thames United Kingdom
100%
Yukon United States / Canada
100%
Colorado United States / Mexico
100%
Blue Nile Ethiopia / Sudan
92%
Vistula Poland
92%
Syr Darya Kyrgyzstan / Uzbekistan / Tajikistan / Kazakhstan
89%
Don Russia / Ukraine
89%
Mississippi United States
89%
Zambezi Zambia / Angola / Namibia / Botswana / Zimbabwe / Mozambique
89%
Churchill Canada
88%
Saint Lawrence Canada / United States
88%
Loire France
86%
Weser Germany
83%
Murray Australia
82%
São Francisco Brazil
82%
Brahmaputra China / India / Bangladesh
82%
Orinoco Venezuela / Colombia / Guyana
82%
Gambia Gambia / Senegal / Guinea
80%
Krishna India
80%
Shinano Japan
80%
Limpopo Mozambique / Zimbabwe / South Africa / Botswana
80%
Dalälven Sweden
80%
Trent United Kingdom
80%
Rio Grande Mexico / United States
79%
Orange South Africa / Namibia / Botswana / Lesotho
79%
Tiber Italy
78%
Yenisei Russia / Mongolia
78%
Columbia United States / Canada
78%
Elbe Czechia / Germany
75%
Senegal Guinea / Senegal / Mali / Mauritania
75%
Lena Russia
75%
Ebro Spain
75%
Severn United Kingdom
75%
Hong China / Vietnam
71%
Essequibo Guyana
71%
Fraser Canada / United States
70%
Narva Estonia / Russia
70%
Darling Australia
67%
Murrumbidgee Australia
67%
Tagus Spain / Portugal
67%
Dniester Ukraine / Moldova
67%
Volta Ghana / Burkina Faso / Togo / Ivory Coast / Benin
64%
Madre de Dios Peru / Bolivia
64%
Tocantins Brazil
63%
Purús Brazil / Peru
63%
Inn Switzerland / Austria / Germany
63%
Bermejo Argentina / Bolivia
60%
Lachlan Australia
60%
Songhua China
60%
Kwango Angola / DR Congo
57%
Iguaçu Brazil / Argentina
56%
Daugava Latvia / Belarus / Russia
56%
Garonne France / Spain
55%
Cooper Australia
50%
Ubangi DR Congo / Central African Republic / Republic of Congo
50%
Yamuna India
50%
Shatt al-Arab Iraq / Iran
50%
Irrawaddy Myanmar
50%
Pilcomayo Paraguay / Argentina / Bolivia
50%
Aras Turkey / Armenia / Azerbaijan / Iran
50%
Helmand Afghanistan / Iran
45%
Marañón Peru
45%
Xingu Brazil
44%
Flinders Australia
43%
Maas France / Belgium / Netherlands
43%
Okavango Namibia / Angola / Botswana
43%
Huallaga Peru
38%
Panj Afghanistan / Tajikistan
33%
Athabasca Canada
33%
Magdalena Colombia
33%
Vltava Czechia
33%
Ogooué Gabon / Republic of the Congo
33%
Amu Darya Uzbekistan / Turkmenistan / Tajikistan / Afghanistan
33%
Kherlen Mongolia / China
30%
Kasai Angola / DR Congo
29%
Kızılırmak Turkey
27%
Guaviare Colombia
25%
Kapuas Indonesia
25%
Orontes Lebanon / Syria / Turkey
25%
Warta Poland
25%
Araguaia Brazil
22%
Maritsa Bulgaria / Greece / Turkey
22%
Chenab India / Pakistan
22%
Platte United States
22%
Salween China / Myanmar / Thailand
20%
Sepik Papua New Guinea / Indonesia
20%
Ruvuma Tanzania / Mozambique
17%
Kura Turkey / Georgia / Azerbaijan
17%
Lomami DR Congo
15%
Alazeya Russia
14%
Neman Belarus / Lithuania / Russia
13%
Glomma Norway
13%
Bug Poland / Belarus / Ukraine
13%
Brazos United States
13%
Chambeshi Zambia
13%
Hari Afghanistan / Iran / Turkmenistan
11%
Kemijoki Finland
11%
Mezen Russia
10%
Jabba Somalia
10%
Luvua DR Congo / Zambia / Tanzania
9%
Narmada India
9%
Kagera Burundi / Rwanda / Tanzania / Uganda
8%
Benue Cameroon / Nigeria
8%
Beni Bolivia
0%
Komoé Burkina Faso / Ivory Coast
0%
Tarim China
0%
Aruwimi DR Congo
0%
Atbarah Ethiopia / Sudan
0%
Rioni Georgia
0%
Chu Kyrgyzstan / Kazakhstan
0%
Lerma Mexico
0%
Draa Morocco
0%
Shire Mozambique / Malawi
0%
Chindwin Myanmar
0%
Vardar North Macedonia / Greece
0%
Fly Papua New Guinea / Indonesia
0%
Vaal South Africa
0%
Mun Thailand
0%
No matching quizzes found
Score Distribution
Percent of People with Each Score
Percentile by Number Answered
Your Score History
You have not taken this quiz